| 000 | 00813cab a2200241 4500 | ||
|---|---|---|---|
| 001 | ABS57083 | ||
| 008 | 090401t1997 xxu||||| |||| 00| 0 eng d | ||
| 035 | _a(Sirsi) u78889 | ||
| 041 | _aeng | ||
| 245 | 3 | _aAn overview of building limes | |
| 260 | _c1997 | ||
| 350 | _a0 | ||
| 490 |
_aContext _v(54) June 1997,28-30(3) |
||
| 520 | _aA discussion of the types and uses and properties of lime. Considers the use of lime in plasters/renders, finishes, mortars and gauged mixes. Continues the debate on `the trouble with lime...` see abstracts 56335 and 56702. | ||
| 650 | _aBUILDING LIMES | ||
| 650 | _aBUILT ENVIRONMENT-BUILDING MATERIALS | ||
| 650 | _aLIME MORTAR | ||
| 650 | _aPLASTER | ||
| 650 | _aRENDERS | ||
| 690 | _aBUILT ENVIRONMENT-BUILDING MATERIALS | ||
| 942 | _n0 | ||
| 948 | _c11/06/1997 | ||
| 999 |
_c49585 _d49585 |
||